[Event "Moscow-ch"]
[Site "Moscow"]
[Date "1997.??.??"]
[Round "4"]
[White "Rustemov, Alexander"]
[Black "Dolgov, Alexey"]
[Result "1/2-1/2"]
[WhiteElo "2550"]
[BlackElo "2425"]
[PlyCount "176"]
[EventDate "1997.??.??"]
[Source "www.chesslib.no"]
[SourceDate "2004.05.04"]

1. d4 d5 2. c4 dxc4 3. Nf3 Nf6 4. e3 e6 5. Bxc4 c5 6. O-O a6 7. e4 b5 8. Bd3 Bb7 9. Bg5 h6 10. Bxf6 Qxf6 11. a4 cxd4 12. axb5 a5 13. b6 Bc5 14. Qa4+ Ke7 15. Nbd2 Nd7 16. Nb3 e5 17. Nxa5 Qxb6 18. Bb5 Nf6 19. Nxe5 Nxe4 20. Rfe1 Rxa5 21. Qxa5 Qxa5 22. Rxa5 Bb4 23. Ra7 Bxe1 24. Rxb7+ Ke6 25. Nd3 Nd6 26. Rb6 Ba5 27. Ra6 Bc7 28. Bc4+ Kf5 29. Bd5 Rb8 30. Rc6 Rb5 31. Bf3 Bb8 32. b4 Kf6 33. g3 Ke7 34. Kg2 g6 35. h4 h5 36. Kf1 Nf5 37. Ke2 Bd6 38. Rc4 Bb8 39. Kd2 Ke6 40. Kc2 Ba7 41. Kb3 Nd6 42. Rc6 Rb8 43. Ra6 Bb6 44. Bc6 Kf5 45. Ra1 Ne4 46. Re1 Nd2+ 47. Ka4 Nc4 48. Bd5 Nd6 49. Rc1 Bd8 50. Rc5 Kf6 51. Bf3 Bb6 52. Rc6 Ke7 53. Bd5 Bd8 54. Ra6 Nc8 55. Kb3 Bc7 56. Bg2 Nd6 57. Ne5 Rb6 58. Ra8 Nb5 59. Nd3 Nd6 60. Nf4 Rb8 61. Ra6 Kd8 62. Nd5 Nb5 63. Kc4 Be5 64. Ra5 Nc7 65. Bh3 Bd6 66. Ra7 Nxd5 67. Rd7+ Ke8 68. Rxd6 Nxb4 69. Rxd4 Na6 70. Rd7 Rb4+ 71. Kd5 Rb5+ 72. Kd4 Rb4+ 73. Ke5 Nc5 74. Rd5 Ne4 75. Ra5 Nxf2 76. Bg2 Ng4+ 77. Kd6 Kf8 78. Bd5 Rb6+ 79. Kc5 Rf6 80. Kd4 Kg7 81. Ra7 Rf2 82. Bc4 Rf3 83. Bd5 Rf2 84. Kd3 Rf6 85. Ke2 Rf2+ 86. Ke1 Rf6 87. Rb7 Ne3 88. Be4 Nf5 1/2-1/2

[Event "ch-GBR"]
[Site "Edinburgh"]
[Date "2003.07.22"]
[Round "8"]
[White "Summerscale, Aaron"]
[Black "Reefat, Bin Sattar"]
[Result "0-1"]
[WhiteElo "2492"]
[BlackElo "2475"]
[PlyCount "48"]
[EventDate "2003.07.14"]
[Source "Roberto Alvarez"]
[SourceDate "2003.07.28"]

1. d4 d5 2. c4 dxc4 3. Nf3 Nf6 4. e3 e6 5. Bxc4 c5 6. O-O a6 7. e4 b5 8. Bd3 Bb7 9. e5 Nd5 10. a4 c4 11. Be4 Be7 12. Nbd2 Nc6 13. Bb1 Na5 14. axb5 axb5 15. Qe2 h6 16. Bc2 Nc6 17. Rxa8 Bxa8 18. Be4 g5 19. Nb1 g4 20. Ne1 Nxd4 21. Qxg4 h5 22. Qd1 Nb3 23. Nf3 Rg8 24. Bh6 Nc5 0-1

[Event "Mayors Cup Open"]
[Site "Mumbai IND"]
[Date "2008.05.16"]
[Round "8"]
[White "Rahman, Zia"]
[Black "Bakre, T."]
[Result "1-0"]
[WhiteElo "2511"]
[BlackElo "2455"]
[PlyCount "89"]
[EventDate "2008.05.11"]
[Source "www.chesslib.no"]
[SourceDate "2004.05.04"]

1. d4 d5 2. Nf3 Nf6 3. c4 dxc4 4. e3 e6 5. Bxc4 c5 6. O-O a6 7. e4 b5 8. Bd3 Nc6 9. a4 b4 10. e5 Nd5 11. dxc5 Bb7 12. Bg5 Qc7 13. Re1 Bxc5 14. Nbd2 h6 15. Bh4 O-O 16. Rc1 Be7 17. Bxe7 Qxe7 18. Bb1 Rfd8 19. Qc2 g6 20. h4 Rac8 21. Qe4 Na5 22. Qg4 h5 23. Qg3 Kg7 24. Ne4 Rxc1 25. Rxc1 Rc8 26. Rxc8 Bxc8 27. Nd6 Bd7 28. Ng5 f5 29. Qd3 Nc6 30. Qxa6 Nxe5 31. Ba2 Nc6 32. Nb7 b3 33. Bxb3 Qb4 34. Bxd5 exd5 35. Ne6+ Bxe6 36. Qxc6 Qe1+ 37. Kh2 Qxf2 38. Qc7+ Bf7 39. Qe5+ Kg8 40. a5 Qxh4+ 41. Kg1 Qb4 42. Nd6 d4 43. Qf6 Qe1+ 44. Kh2 Be6 45. Ne8 1-0

[Event "Paris op"]
[Site "Paris"]
[Date "1998.??.??"]
[Round "9"]
[White "Gofshtein, Leonid D"]
[Black "Stevic, Hrvoje"]
[Result "1/2-1/2"]
[WhiteElo "2500"]
[BlackElo "2465"]
[PlyCount "45"]
[EventDate "1998.07.??"]
[Source "www.chesslib.no"]
[SourceDate "2004.05.04"]

1. d4 d5 2. c4 dxc4 3. Nf3 Nf6 4. e3 e6 5. Bxc4 c5 6. O-O a6 7. e4 b5 8. Bd3 Bb7 9. Re1 cxd4 10. a4 Bb4 11. Bd2 Be7 12. axb5 O-O 13. e5 Nd5 14. Nxd4 Nb4 15. Be4 axb5 16. Na3 Bxe4 17. Rxe4 Nd3 18. Naxb5 Nxb2 19. Qb1 Rxa1 20. Qxa1 Nc4 21. Bf4 Qd5 22. Nc3 Qa5 23. Qxa5 1/2-1/2

[Event "MK Cafe op-A"]
[Site "Koszalin"]
[Date "1997.08.09"]
[Round "8"]
[White "Rustemov, Alexander"]
[Black "Mirzoev, Azer"]
[Result "1-0"]
[WhiteElo "2535"]
[BlackElo "2430"]
[PlyCount "69"]
[EventDate "1997.08.03"]
[Source "ChessBase"]
[SourceDate "1997.09.26"]

1. d4 d5 2. Nf3 Nf6 3. c4 dxc4 4. e3 a6 5. Bxc4 e6 6. O-O c5 7. e4 cxd4 8. e5 Nfd7 9. Qxd4 Nc6 10. Qf4 b5 11. Bb3 Bb7 12. Nc3 Nc5 13. Rd1 Qc7 14. Bc2 f5 15. Be3 Be7 16. Bxc5 Bxc5 17. Bb3 Bc8 18. Rac1 Qb6 19. Nd5 exd5 20. Bxd5 Rb8 21. Bxc6+ Qxc6 22. e6 Bxf2+ 23. Kxf2 Qb6+ 24. Kg3 O-O 25. Rd6 Qa7 26. Ne5 Qb7 27. Nc6 Ra8 28. e7 Re8 29. Qe5 Kh8 30. Qd5 Qb6 31. Qe5 Qc7 32. Rd8 Qxe5+ 33. Nxe5 Be6 34. Rxa8 Rxa8 35. Rd1 1-0

[Event "14 Open A"]
[Site "Wien"]
[Date "2003.08.24"]
[Round "9"]
[White "Loeffler, Stefan"]
[Black "Karjakin, Sergey"]
[Result "1-0"]
[WhiteElo "2404"]
[BlackElo "2560"]
[PlyCount "75"]
[EventDate "2003.08.16"]
[Source "Roberto Alvarez"]
[SourceDate "2003.09.01"]

1. Nf3 d5 2. c4 dxc4 3. e3 Nf6 4. Bxc4 e6 5. d4 a6 6. O-O c5 7. e4 b5 8. Bd3 Bb7 9. Bg5 Be7 10. e5 Nd5 11. Bxe7 Nxe7 12. Nbd2 cxd4 13. Ne4 Bxe4 14. Bxe4 Ra7 15. a4 Rd7 16. axb5 axb5 17. Qd3 Qb6 18. b4 Nd5 19. Nxd4 Nxb4 20. Qxb5 Qxb5 21. Nxb5 Ke7 22. f4 f5 23. exf6+ gxf6 24. Rfe1 Kf7 25. Ra4 N4c6 26. Rc4 Ne7 27. Bf3 f5 28. Bh5+ Kf6 29. Nc7 Ng6 30. Rxe6+ Kf7 31. Re5 Rc8 32. Rxf5+ Kg8 33. Rfc5 Nxf4 34. Bg4 Rf8 35. Ne6 Nd3 36. Rg5+ Kh8 37. Nxf8 Ra7 38. h4 1-0

[Event "CUB-ch"]
[Site "Santa Clara"]
[Date "2000.??.??"]
[Round "?"]
[White "Arencibia, Walter"]
[Black "Borges Mateos, Juan"]
[Result "1/2-1/2"]
[WhiteElo "2529"]
[BlackElo "2435"]
[PlyCount "48"]
[EventDate "2000.??.??"]
[Source "www.chesslib.no"]
[SourceDate "2004.05.04"]

1. d4 d5 2. c4 dxc4 3. Nf3 Nf6 4. e3 a6 5. Bxc4 e6 6. O-O c5 7. e4 cxd4 8. e5 Nfd7 9. Qxd4 Nc6 10. Qf4 Qc7 11. Re1 Ndxe5 12. Nxe5 Nxe5 13. Qxe5 Qxc4 14. Nc3 f6 15. Qh5+ g6 16. Qf3 Be7 17. Bh6 Qc6 18. Qg3 Kf7 19. Ne4 Rd8 20. Qh4 e5 21. Rac1 Qe6 22. f4 Qg4 23. Qxg4 Bxg4 24. fxe5 fxe5 1/2-1/2

[Event "IND-ch"]
[Site "Nagpur"]
[Date "1999.04.06"]
[Round "15"]
[White "Sasikiran, Krishnan"]
[Black "Prasad, Devaki V"]
[Result "1/2-1/2"]
[WhiteElo "2525"]
[BlackElo "2435"]
[PlyCount "53"]
[EventDate "1999.03.23"]
[Source "ChessBase"]
[SourceDate "1999.05.10"]

1. d4 d5 2. c4 dxc4 3. Nf3 Nf6 4. e3 e6 5. Bxc4 c5 6. O-O a6 7. e4 b5 8. Bd3 Bb7 9. Bg5 cxd4 10. a4 b4 11. Nbd2 Be7 12. Re1 Nbd7 13. e5 Nd5 14. Bxe7 Qxe7 15. Ne4 O-O 16. Qd2 h6 17. Rac1 Rfd8 18. a5 Rac8 19. Rxc8 Rxc8 20. Nd6 Rc7 21. Nxb7 Rxb7 22. Nxd4 Nc5 23. Bc4 Qd7 24. g3 Ne7 25. Qe3 Qc7 26. Ra1 Rb8 27. Qe2 1/2-1/2

[Event "Torshavn op 3rd"]
[Site "Torshavn"]
[Date "2000.10.06"]
[Round "1"]
[White "Nilssen, John Arni"]
[Black "Baburin, Alexander"]
[Result "0-1"]
[WhiteElo "2354"]
[BlackElo "2590"]
[PlyCount "90"]
[EventDate "2000.10.06"]
[Source "ChessBase"]
[SourceDate "2000.11.10"]

1. d4 d5 2. c4 dxc4 3. Nf3 a6 4. e3 e6 5. Bxc4 c5 6. O-O Nf6 7. e4 b5 8. Bd3 Bb7 9. e5 Nd5 10. Bg5 Qb6 11. dxc5 Bxc5 12. Nbd2 h6 13. Bh4 Nd7 14. Ne4 O-O 15. a3 Be7 16. Bg3 Nc5 17. Nxc5 Bxc5 18. Qe2 Rfd8 19. Nd2 Ne7 20. Ne4 Nf5 21. Nxc5 Nxg3 22. hxg3 Qxc5 23. Be4 Bxe4 24. Qxe4 Qd5 25. Rfe1 Rac8 26. a4 Qxe4 27. Rxe4 Rd2 28. axb5 axb5 29. b4 Rb2 30. Rf4 Re2 31. Ra7 Rxe5 32. g4 Rf8 33. Rd4 g5 34. Rb7 Kg7 35. g3 Kg6 36. f4 Re2 37. Rxb5 Rc8 38. f5+ Kf6 39. Rd1 Rc3 40. fxe6 fxe6 41. Rf1+ Kg6 42. Rf2 Rxg3+ 43. Kh2 Ree3 44. Rg2 Rh3+ 45. Kg1 Re4 0-1

[Event "Corr"]
[Site "?"]
[Date "1997.07.14"]
[Round "?"]
[White "Frederiks Rob W.(NED)"]
[Black "Kingso Svend (DEN)"]
[Result "1/2-1/2"]
[WhiteElo "2505"]
[BlackElo "2430"]
[PlyCount "71"]
[EventDate "1997.??.??"]
[Source "www.chesslib.no"]
[SourceDate "2004.05.04"]

1. d4 d5 2. c4 dxc4 3. Nf3 Nf6 4. e3 e6 5. Bxc4 c5 6. O-O a6 7. e4 b5 8. Bd3 Bb7 9. Re1 cxd4 10. a4 b4 11. e5 Nfd7 12. Bg5 Be7 13. Bxe7 Qxe7 14. Nbd2 Nc5 15. Ne4 Nxe4 16. Bxe4 O-O 17. Qxd4 Rd8 18. Qb6 Bxe4 19. Rxe4 a5 20. Rc1 Nd7 21. Qc7 Qe8 22. Rec4 Nf8 23. Qc6 Qxc6 24. Rxc6 Rd5 25. Kf1 Rad8 26. R6c5 h6 27. Rb5 g5 28. h3 Rd1+ 29. Rxd1 Rxd1+ 30. Ne1 Rb1 31. Rxa5 Ng6 32. Rb5 Nf4 33. a5 Rxb2 34. a6 Ra2 35. Rxb4 Rxa6 36. g3 1/2-1/2

[Event "Cappelle op"]
[Site "Cappelle la Grande"]
[Date "1998.??.??"]
[Round "3"]
[White "Rausis, Igors"]
[Black "Ivanov, Jordan"]
[Result "1-0"]
[WhiteElo "2520"]
[BlackElo "2410"]
[PlyCount "59"]
[EventDate "1998.02.21"]
[Source "ChessBase"]
[SourceDate "1998.04.29"]

1. d4 d5 2. c4 dxc4 3. Nf3 Nf6 4. e3 e6 5. Bxc4 c5 6. O-O a6 7. e4 Nxe4 8. d5 Be7 9. Re1 exd5 10. Qxd5 Nd6 11. Bd3 c4 12. Bc2 Nc6 13. Bf4 Be6 14. Qh5 Qa5 15. Qxa5 Nxa5 16. Nd4 Kd7 17. Nc3 Nc6 18. Nxe6 fxe6 19. Rad1 Nb4 20. Be4 Rad8 21. a3 Nd3 22. Bxd3 cxd3 23. Rxd3 Rhf8 24. g3 Kc8 25. Rxe6 Nf5 26. Rd5 Rxd5 27. Nxd5 Bc5 28. b4 Bd4 29. Ne7+ Kd7 30. Nxf5 1-0

[Event "Groningen (open)"]
[Site "?"]
[Date "1995.??.??"]
[Round "?"]
[White "Avrukh, B."]
[Black "Baburin, Alexander"]
[Result "0-1"]
[WhiteElo "2430"]
[BlackElo "2495"]
[PlyCount "90"]
[EventDate "1995.??.??"]
[Source "ChessBase"]
[SourceDate "1996.02.01"]

1. d4 d5 2. c4 dxc4 3. e3 e6 4. Bxc4 c5 5. Nf3 Nf6 6. O-O a6 7. e4 b5 8. Bd3 Bb7 9. e5 Nd5 10. Bg5 Qb6 11. dxc5 Bxc5 12. Nc3 h6 13. Bh4 Nd7 14. a4 b4 15. Ne4 Rc8 16. Bg3 O-O 17. Nfd2 Bd4 18. Nd6 Nxe5 19. Bxe5 Bxe5 20. N2c4 Qc7 21. Nxc8 Bxh2+ 22. Kh1 Rxc8 23. Qh5 Nf4 24. Qxh2 Bxg2+ 25. Kg1 Bd5 26. Nb6 Rd8 27. Rfe1 Bb7 28. Be4 Rd4 29. Na8 Qb8 30. Bxb7 Qxb7 31. Rad1 Rxd1 32. Rxd1 g5 33. Rd8+ Kg7 34. Qh1 Qe7 35. Rc8 Qf6 36. Nc7 Qxb2 37. Ne8+ Kg6 38. Qf3 Qa1+ 39. Kh2 Qe5 40. Qg3 b3 41. Qxb3 Nd3+ 42. Kg2 Qe4+ 43. Kg1 Qe1+ 44. Kh2 Qxf2+ 45. Kh1 Qh4+ 0-1

[Event "White Tower Open"]
[Site "?"]
[Date "2000.10.07"]
[Round "5"]
[White "Hebden Mark L"]
[Black "Vulfson Vladimir"]
[Result "1-0"]
[WhiteElo "2505"]
[BlackElo "2416"]
[PlyCount "63"]
[EventDate "2000.??.??"]
[Source "www.chesslib.no"]
[SourceDate "2004.05.04"]

1. d4 d5 2. c4 dxc4 3. Nf3 Nf6 4. e3 e6 5. Bxc4 c5 6. O-O a6 7. e4 cxd4 8. e5 Nfd7 9. Qxd4 Nc6 10. Qf4 b5 11. Bb3 Bb7 12. Nc3 g5 13. Nxg5 Ncxe5 14. Re1 Rg8 15. Nd5 Rxg5 16. Qxg5 exd5 17. Qf5 Bg7 18. Bf4 Kf8 19. Bxe5 Nxe5 20. Rxe5 Bxe5 21. Qxe5 f6 22. Qf5 Qe7 23. Bxd5 Bxd5 24. Qxd5 Rd8 25. Qf5 Rd2 26. g3 Kg7 27. Rc1 Rxb2 28. Qg4+ Kf7 29. Qf4 Kg6 30. h4 h5 31. Rc6 Rxa2 32. Qg5+ 1-0

[Event "FRA-chT"]
[Site "FRA"]
[Date "1998.??.??"]
[Round "5"]
[White "Summerscale, Aaron"]
[Black "Legky, Nikolay A"]
[Result "1/2-1/2"]
[WhiteElo "2440"]
[BlackElo "2480"]
[PlyCount "68"]
[EventDate "1998.02.06"]
[Source "www.chesslib.no"]
[SourceDate "2004.05.04"]

1. Nf3 d5 2. d4 Nf6 3. c4 dxc4 4. e3 e6 5. Bxc4 c5 6. O-O a6 7. e4 cxd4 8. e5 Nfd7 9. Qxd4 Nc6 10. Qe4 Qc7 11. Bf4 b5 12. Bb3 Nc5 13. Qe2 Bb7 14. Nbd2 Be7 15. Rac1 Qd7 16. Qe3 Nd3 17. Rc3 Rd8 18. Bg5 h6 19. Bxe7 Nxe7 20. Ne4 Bxe4 21. Qxe4 Nxb2 22. Qc2 Na4 23. Rc7 Qd3 24. Qc1 Qe4 25. Rd1 Rxd1+ 26. Qxd1 Nb6 27. h3 Nec8 28. Bc2 Qd5 29. Qxd5 exd5 30. Nd4 O-O 31. e6 Nd6 32. Rc6 Nbc8 33. Rxa6 fxe6 34. Nxe6 Re8 1/2-1/2

[Event "Newport South Wales Masters-4"]
[Site "Newport"]
[Date "2000.01.10"]
[Round "2"]
[White "Summerscale, Aaron"]
[Black "Turner, Matthew"]
[Result "1/2-1/2"]
[WhiteElo "2430"]
[BlackElo "2487"]
[PlyCount "34"]
[EventDate "2000.01.10"]
[Source "www.chesslib.no"]
[SourceDate "2004.05.04"]

1. d4 d5 2. c4 dxc4 3. Nf3 Nf6 4. e3 e6 5. Bxc4 c5 6. O-O a6 7. e4 cxd4 8. e5 Nfd7 9. Qxd4 Nc6 10. Qe4 Nc5 11. Qe2 b5 12. Rd1 Qc7 13. Bb3 Be7 14. Nc3 Bb7 15. Bf4 O-O 16. Rac1 Rfd8 17. Bc2 Rxd1+ 1/2-1/2

[Event "Open Acropolis 2008"]
[Site "Atene GRE"]
[Date "2008.08.12"]
[Round "4.7"]
[White "Aloma Vidal, Robert"]
[Black "Rasmussen, Allan Stig"]
[Result "1/2-1/2"]
[WhiteElo "2388"]
[BlackElo "2519"]
[PlyCount "96"]
[EventDate "2008.08.09"]
[Source "www.chesslib.no"]
[SourceDate "2004.05.04"]

1. d4 d5 2. Nf3 Nf6 3. c4 dxc4 4. e3 e6 5. Bxc4 a6 6. O-O c5 7. e4 b5 8. Bd3 cxd4 9. e5 Nfd7 10. a4 b4 11. Bg5 Qb6 12. Nbd2 Nc6 13. Nc4 Qa7 14. Rc1 Bb7 15. Qe2 h6 16. Bh4 Nc5 17. Nfd2 Rc8 18. f4 g6 19. Kh1 b3 20. Ne4 Nxe4 21. Bxe4 Nb4 22. Bf6 Rg8 23. Bxb7 Qxb7 24. Na5 Qd7 25. Nxb3 d3 26. Qe4 Rb8 27. Rfd1 Qd5 28. Qc4 Qxc4 29. Rxc4 Nd5 30. Rxd3 Kd7 31. g3 Bb4 32. Nd4 Rgc8 33. b3 Bc3 34. Rxc8 Rxc8 35. Ne2 Bb2 36. Rd2 Ba3 37. Kg2 Bb4 38. Rd4 Rc2 39. Kf3 Bc5 40. Rd3 Kc7 41. h3 h5 42. Bg5 Rb2 43. g4 hxg4+ 44. hxg4 Kc6 45. Bh6 Rb1 46. Kg3 Rb2 47. Kf3 Rb1 48. Kg3 Rb2 1/2-1/2

[Event "YUG-chT"]
[Site "?"]
[Date "1998.??.??"]
[Round "10"]
[White "Maksimovic Branimir"]
[Black "Drasko Milan"]
[Result "1/2-1/2"]
[WhiteElo "2390"]
[BlackElo "2515"]
[PlyCount "49"]
[EventDate "1998.??.??"]
[Source "www.chesslib.no"]
[SourceDate "2004.05.04"]

1. d4 d5 2. c4 dxc4 3. e3 e6 4. Bxc4 a6 5. Nf3 c5 6. O-O Nf6 7. e4 b5 8. Bd3 cxd4 9. a4 bxa4 10. e5 Nd5 11. Qxa4+ Bd7 12. Qxd4 Nc6 13. Qg4 Ncb4 14. Be2 g6 15. Bg5 Qb8 16. Nbd2 h6 17. Qh4 Bg7 18. Bf6 g5 19. Qd4 Bxf6 20. exf6 Nc2 21. Qc5 Nxa1 22. Rxa1 Qb4 23. Qc1 Nxf6 24. Nc4 Bb5 25. h4 1/2-1/2

[Event "Excelsior Cup"]
[Site "Gothenburg"]
[Date "1998.01.13"]
[Round "7"]
[White "Akesson, Ralf"]
[Black "Svensson, Bengt"]
[Result "1/2-1/2"]
[WhiteElo "2505"]
[BlackElo "2390"]
[PlyCount "131"]
[EventDate "1998.01.07"]
[Source "ChessBase"]
[SourceDate "1998.04.09"]

1. d4 d5 2. c4 dxc4 3. Nf3 Nf6 4. e3 e6 5. Bxc4 c5 6. O-O a6 7. e4 b5 8. Bd3 Bb7 9. Bg5 Be7 10. a4 c4 11. Bxf6 Bxf6 12. Bc2 O-O 13. axb5 axb5 14. Rxa8 Bxa8 15. Nc3 b4 16. Ne2 Nc6 17. Qd2 Qb6 18. e5 Be7 19. Be4 Na5 20. Bxa8 Rxa8 21. Qc2 Rc8 22. Qa4 Nb3 23. Qd7 Qd8 24. Qb7 Qc7 25. Qe4 Qc6 26. Qc2 h6 27. Rd1 Qb5 28. Nf4 Rd8 29. h4 Na5 30. Qe4 Qa4 31. Re1 c3 32. bxc3 bxc3 33. Rc1 Qc4 34. Rc2 Bb4 35. Nh5 Nc6 36. Qg4 Bf8 37. Nf6+ Kh8 38. Ne4 Nxd4 39. Nxd4 Rxd4 40. f3 Bb4 41. Qf4 Kg8 42. Qe3 Rd3 43. Qa7 Rd8 44. Kh2 Qd5 45. Qc7 Ba5 46. Qc5 Qxc5 47. Nxc5 Rd2 48. Rc1 Re2 49. Ne4 Bc7 50. Nxc3 Bxe5+ 51. Kh3 Bxc3 52. Rxc3 g6 53. g4 Re5 54. Kg3 Kg7 55. Rc7 Ra5 56. Rb7 g5 57. hxg5 hxg5 58. Rc7 Ra6 59. Rb7 Kg6 60. Rb8 f5 61. gxf5+ exf5 62. Rg8+ Kf6 63. Rf8+ Ke5 64. Re8+ Re6 65. Rg8 Kf6 66. Rf8+ 1/2-1/2

[Event "Corr"]
[Site "?"]
[Date "2001.11.01"]
[Round "?"]
[White "Flores Gutierrez Carlos (ESP)"]
[Black "Schmelz Thomas"]
[Result "1/2-1/2"]
[WhiteElo "2425"]
[BlackElo "2465"]
[PlyCount "56"]
[EventDate "2001.??.??"]
[Source "www.chesslib.no"]
[SourceDate "2004.05.04"]

1. d4 d5 2. c4 dxc4 3. e3 Nf6 4. Bxc4 e6 5. Nf3 c5 6. O-O a6 7. e4 b5 8. Bd3 Bb7 9. e5 Nd5 10. a4 c4 11. Be2 Nd7 12. Bg5 Qb6 13. Nc3 h6 14. Be3 Be7 15. Nxd5 Bxd5 16. axb5 axb5 17. Rxa8+ Bxa8 18. b3 Bd5 19. bxc4 bxc4 20. Qa4 Qb4 21. Ra1 Qxa4 22. Rxa4 Nb6 23. Ra6 Bd8 24. Nd2 Kd7 25. Ra1 Bc7 26. Rc1 Ra8 27. Nxc4 Nxc4 28. Bxc4 Bxc4 1/2-1/2

[Event "It Open"]
[Site "Groningen NED"]
[Date "1995.??.??"]
[Round "8"]
[White "Avrukh, Boris"]
[Black "Baburin, Alexander E"]
[Result "0-1"]
[WhiteElo "2395"]
[BlackElo "2490"]
[PlyCount "88"]
[EventDate "1995.??.??"]
[Source "www.chesslib.no"]
[SourceDate "2004.05.04"]

1. d4 d5 2. c4 dxc4 3. e3 e6 4. Bxc4 c5 5. Nf3 Nf6 6. O-O a6 7. e4 b5 8. Bd3 Bb7 9. e5 Nd5 10. Bg5 Qb6 11. dxc5 Bxc5 12. Nc3 h6 13. Bh4 Nd7 14. a4 b4 15. Ne4 Rc8 16. Bg3 O-O 17. Nfd2 Bd4 18. Nd6 Nxe5 19. Bxe5 Bxe5 20. N2c4 Qc7 21. Nxc8 Bxh2+ 22. Kh1 Rxc8 23. Qh5 Nf4 24. Qxh2 Bxg2+ 25. Kg1 Bd5 26. Nb6 Rd8 27. Rfe1 Bb7 28. Be4 Rd4 29. Na8 Qb8 30. Bxb7 Qxb7 31. Rad1 Rxd1 32. Rxd1 g5 33. Rd8+ Kg7 34. Qh1 Qe7 35. Rc8 Qf6 36. Nc7 Qxb2 37. Qf3 Qa1+ 38. Kh2 Qe5 39. Ne8+ Kg6 40. Qb3 Nd3+ 41. Kg2 Qe4+ 42. Kg1 Qe1+ 43. Kh2 Qxf2+ 44. Kh1 Qh4+ 0-1

[Event "ch-DEN"]
[Site "Koge"]
[Date "2004.04.04"]
[Round "1.1"]
[White "Pedersen, Nicolai Vesterbaek"]
[Black "Pedersen, Daniel Vesterbaek"]
[Result "1-0"]
[WhiteElo "2510"]
[BlackElo "2366"]
[PlyCount "73"]
[EventDate "2004.04.04"]
[Source "Roberto Alvarez"]
[SourceDate "2004.04.12"]

1. d4 d5 2. c4 dxc4 3. Nf3 Nf6 4. e3 e6 5. Bxc4 c5 6. O-O a6 7. e4 b5 8. Bd3 cxd4 9. a4 b4 10. e5 Nd5 11. Nxd4 Bb7 12. Qg4 Nc6 13. Nxc6 Bxc6 14. Re1 g6 15. Nd2 Bg7 16. Nc4 O-O 17. Bg5 Qc7 18. Qh3 a5 19. Re4 Ne7 20. Rh4 h5 21. Qe3 Nf5 22. Bxf5 exf5 23. Bf6 Rfe8 24. Qg5 Re6 25. Bxg7 Kxg7 26. Rxh5 Rh8 27. Rxh8 Kxh8 28. Qh6+ Kg8 29. Rd1 Bxa4 30. Rd4 Rxe5 31. Nxe5 Qxe5 32. Rd8+ Be8 33. Qd2 Kg7 34. Rd5 Qc7 35. h4 Bc6 36. Qd4+ Kf8 37. Qc5+ 1-0

[Event "Copenhagen Open 14th"]
[Site "Copenhagen DEN"]
[Date "1992.06.??"]
[Round "?"]
[White "Hansen, Sune Berg"]
[Black "Yakovich, Yuri"]
[Result "1/2-1/2"]
[WhiteElo "2345"]
[BlackElo "2525"]
[PlyCount "93"]
[EventDate "1992.??.??"]
[Source "www.chesslib.no"]
[SourceDate "2004.05.04"]

1. d4 d5 2. c4 dxc4 3. Nf3 a6 4. e3 Nf6 5. Bxc4 e6 6. O-O c5 7. e4 b5 8. Bd3 cxd4 9. a4 bxa4 10. Nbd2 Nc6 11. e5 Nd5 12. Nc4 Be7 13. Be4 Bd7 14. Nxd4 Nxd4 15. Qxd4 Bb5 16. Rd1 Rc8 17. Bxd5 Bxc4 18. Bxc4 Rxc4 19. Qxc4 Qxd1+ 20. Qf1 Qd4 21. Qxa6 O-O 22. Qxa4 Qxe5 23. Be3 Qxb2 24. Rd1 Qe5 25. g3 h6 26. Qg4 h5 27. Qf4 Qxf4 28. Bxf4 g5 29. Be3 Rb8 30. Rd7 Bf6 31. Kg2 Rb4 32. Bc5 Rb2 33. h3 Kg7 34. Bd4 Bxd4 35. Rxd4 e5 36. Ra4 Rd2 37. Kf3 f5 38. Ra7+ Kf6 39. Ra6+ Kg7 40. Ra7+ Kf6 41. Ra6+ Kf7 42. Rh6 Rd8 43. h4 e4+ 44. Ke2 gxh4 45. Rxh5 hxg3 46. Rxf5+ Ke6 47. Rg5 1/2-1/2

[Event "Vikings Challengers"]
[Site "York"]
[Date "1999.12.19"]
[Round "7"]
[White "Summerscale, Aaron"]
[Black "Krush, Irina"]
[Result "1-0"]
[WhiteElo "2423"]
[BlackElo "2432"]
[PlyCount "107"]
[EventDate "1999.12.13"]
[Source "ChessBase"]
[SourceDate "2000.01.11"]

1. d4 d5 2. c4 dxc4 3. Nf3 Nf6 4. e3 e6 5. Bxc4 c5 6. O-O a6 7. e4 b5 8. Bd3 cxd4 9. a4 b4 10. e5 Nfd7 11. Bg5 Be7 12. Bxe7 Qxe7 13. Nbd2 Bb7 14. Rc1 O-O 15. Rc7 Bd5 16. Qc2 h6 17. Rc1 a5 18. Bb5 Rd8 19. Qd3 f6 20. Qxd4 fxe5 21. Nxe5 Qf6 22. Ndf3 Bxf3 23. Nxf3 Qxd4 24. Nxd4 Nf8 25. Nxe6 Nxe6 26. Bc4 Ra6 27. Re7 Rdd6 28. Re1 Kf8 29. R7xe6 Rxe6 30. Bxe6 Rd6 31. b3 Ke7 32. Bc4+ Kf6 33. h3 Nd7 34. Re3 Ne5 35. Bb5 g5 36. g3 Rd1+ 37. Kg2 Rc1 38. f4 gxf4 39. gxf4 Ng6 40. Kf3 Nh4+ 41. Ke4 Nf5 42. Rd3 h5 43. Bd7 Re1+ 44. Kd5 Rc1 45. Bb5 Ne7+ 46. Ke4 Nf5 47. Rd8 Re1+ 48. Kf3 Re3+ 49. Kf2 Re7 50. Ra8 Nd4 51. Bc4 Kf5 52. Rxa5+ Kxf4 53. Rxh5 Nf5 54. Bd3 1-0

[Event "Hastings Challengers"]
[Site "Hastings"]
[Date "1999.01.06"]
[Round "9"]
[White "Hebden, Mark"]
[Black "Duncan, Christopher R"]
[Result "1/2-1/2"]
[WhiteElo "2590"]
[BlackElo "2265"]
[PlyCount "108"]
[EventDate "1998.12.??"]
[Source "www.chesslib.no"]
[SourceDate "2004.05.04"]

1. d4 d5 2. c4 dxc4 3. Nf3 Nf6 4. e3 e6 5. Bxc4 c5 6. O-O a6 7. e4 Nxe4 8. d5 Be7 9. Re1 exd5 10. Qxd5 Nd6 11. Bd3 O-O 12. Nc3 Nc6 13. Bg5 Bxg5 14. Nxg5 h6 15. Qxc5 Qxg5 16. Qxd6 Rd8 17. Qc7 Bh3 18. Be4 Rd7 19. Qg3 Qxg3 20. hxg3 Be6 21. Na4 Rd2 22. b3 Nb4 23. Bxb7 Rad8 24. Be4 Nc2 25. Bxc2 Rxc2 26. Rec1 Rdd2 27. Rxc2 Rxc2 28. f3 h5 29. Re1 Rxa2 30. Nc5 Rb2 31. Kh2 Kh7 32. Nxe6 fxe6 33. Re3 Rb1 34. f4 g6 35. Rxe6 Rxb3 36. Rxa6 Kg7 37. Kh3 Rb2 38. g4 hxg4+ 39. Kg3 Rc2 40. Ra5 Kf6 41. Rg5 Ra2 42. Rxg4 Ra5 43. Kh3 Rb5 44. Rg3 Rb4 45. Rg4 Rb5 46. g3 g5 47. fxg5+ Rxg5 48. Ra4 Rb5 49. Kh4 Kg6 50. Ra6+ Kg7 51. Re6 Rb4+ 52. Kg5 Rb5+ 53. Kh4 Rb4+ 54. g4 Rb5 1/2-1/2

[Event "Paris FRA"]
[Site "?"]
[Date "2004.07.04"]
[Round "2"]
[White "Shchekachev Andrei"]
[Black "Fayard Alain"]
[Result "1-0"]
[WhiteElo "2570"]
[BlackElo "2283"]
[PlyCount "61"]
[EventDate "2004.??.??"]
[Source "www.chesslib.no"]
[SourceDate "2004.05.04"]

1. Nf3 d5 2. d4 Nf6 3. c4 dxc4 4. e3 e6 5. Bxc4 c5 6. O-O a6 7. e4 cxd4 8. e5 Nfd7 9. Re1 Nc6 10. Bf4 b5 11. Bf1 Nc5 12. Nbd2 Bb7 13. Ng5 h6 14. Nge4 Be7 15. Nxc5 Bxc5 16. Ne4 Be7 17. Rc1 Qd5 18. a4 Rd8 19. axb5 axb5 20. Qg4 g5 21. Rc5 Qd7 22. Bxb5 gxf4 23. Rec1 Rc8 24. Qf3 Kd8 25. Qxf4 Rf8 26. Nd6 Bxd6 27. exd6 Rg8 28. Qf6+ Ke8 29. Bxc6 Bxc6 30. Rxc6 Rxc6 31. Rxc6 1-0

[Event "Heraklio Open"]
[Site "Heraklio GRE"]
[Date "1993.??.??"]
[Round "7"]
[White "Maksimovic, Branimir"]
[Black "Semkov, Semko"]
[Result "1-0"]
[WhiteElo "2370"]
[BlackElo "2480"]
[PlyCount "79"]
[EventDate "1993.??.??"]
[Source "www.chesslib.no"]
[SourceDate "2004.05.04"]

1. d4 d5 2. c4 dxc4 3. e3 Nf6 4. Bxc4 e6 5. Nf3 c5 6. O-O a6 7. e4 b5 8. Bd3 Bb7 9. e5 Nd5 10. Nbd2 cxd4 11. a4 Nb4 12. Ne4 Qd5 13. Re1 Nxd3 14. Qxd3 Nc6 15. Bf4 h6 16. Rad1 Rd8 17. axb5 axb5 18. h4 Be7 19. h5 O-O 20. Nh2 f5 21. exf6 Bxf6 22. Qg3 Be5 23. Bxe5 Nxe5 24. Nf6+ Rxf6 25. Rxe5 Qc6 26. Ng4 Rff8 27. Nxh6+ Kh8 28. Ng4 Qc2 29. Rde1 Qd2 30. h6 g6 31. Rxe6 Qf4 32. Qxf4 Rxf4 33. Re8+ Rf8 34. Rxd8 Rxd8 35. Re7 Bd5 36. Ne5 Rd6 37. Rg7 d3 38. Nxd3 g5 39. Rxg5 Bxg2 40. Kxg2 1-0